| 000 | 00718nam a2200229 a 4500 | ||
|---|---|---|---|
| 999 |
_c11709 _d11709 |
||
| 001 | 11709 | ||
| 003 | BD-JhCC | ||
| 005 | 20200726093708.0 | ||
| 008 | 200726b20142019bg |||| ||a| 001 0 ben d | ||
| 020 | _a9789848040577 | ||
| 035 | _a(BD-JhCC)11709 | ||
| 040 |
_aBD-JhCC _dBD-JhCC |
||
| 041 | _aben | ||
| 082 |
_a891.4409 _bAZA 2019 |
||
| 100 | _aআজম, মোহাম্মদ | ||
| 245 |
_aবাংলা ভাষার উপনিবেশায়ন ও রবীন্দ্রনাথ / _cমোহাম্মদ আজম । |
||
| 260 |
_aঢাকা: _bআদর্শ; _c২০১৯. |
||
| 300 |
_a520 p. : _c22 cm. |
||
| 650 | _aBengali literature | ||
| 942 |
_2ddc _cBK |
||